[Event "CZE-ch U10"]
[Site "Sec u Chrudimi"]
[Date "2008.03.14"]
[Round "8"]
[White "Kadlec, Daniel"]
[Black "Pulpan, Matej"]
[Result "1-0"]
[WhiteElo "1250"]
[BlackElo "1250"]
[PlyCount "41"]
[EventDate "2008.03.08"]
[EventType "swiss"]
[EventRounds "9"]
[EventCountry "CZE"]
[SourceTitle "EXT 2009"]
[Source "ChessBase"]
[SourceDate "2008.11.26"]
[SourceVersion "1"]
[SourceVersionDate "2008.11.26"]
[SourceQuality "1"]

1. d4 d5 2. c4 e6 3. Nc3 Nf6 4. Nf3 c5 5. e3 Nc6 6. Bd3 cxd4 7. exd4 dxc4 8. Bxc4 Bb4 9. 0-0 0-0 10. Be3 Na5 11. Bd3 Qc7 12. Qc2 Rd8 13. Bg5 Be7 14. Bxf6 Bxf6 15. Bxh7+ Kh8 16. Rad1 g6 17. Bxg6 fxg6 18. Qxg6 Bg7 19. Ng5 Kg8 20. Rd3 e5 21. Rf3 1-0

[Event "CZE-ch U10"]
[Site "Sec u Chrudimi"]
[Date "2008.03.10"]
[Round "3"]
[White "Szucs, Matyas"]
[Black "Kadlec, Daniel"]
[Result "1-0"]
[WhiteElo "1250"]
[BlackElo "1250"]
[PlyCount "109"]
[EventDate "2008.03.08"]
[EventType "swiss"]
[EventRounds "9"]
[EventCountry "CZE"]
[SourceTitle "EXT 2009"]
[Source "ChessBase"]
[SourceDate "2008.11.26"]
[SourceVersion "1"]
[SourceVersionDate "2008.11.26"]
[SourceQuality "1"]

1. e4 e5 2. Nf3 Nc6 3. Bc4 Nd4 4. Nxe5 Qg5 5. Ng4 d5 6. d3 Bxg4 7. f3 Bh5 8. Bxg5 f6 9. Be3 Nxf3+ 10. gxf3 dxc4 11. dxc4 Bd6 12. Nd2 0-0-0 13. Qe2 f5 14. 0-0-0 Re8 15. Bd4 Nf6 16. Rhg1 Bg6 17. Qf2 fxe4 18. fxe4 Rhf8 19. Qe3 Nxe4 20. Qh3+ Bf5 21. Qb3 Bf4 22. Bc3 h5 23. Bb4 c5 24. Bc3 Bg4 25. Rde1 Nxd2 26. Bxd2 Rd8 27. Bxf4 Rxf4 28. h3 Bf3 29. Rgf1 g5 30. Rxf3 Rfd4 31. Rd3 g4 32. Rxd4 Rxd4 33. Re5 h4 34. Rxc5+ Kb8 35. Rh5 g3 36. Qe3 Rxc4 37. Rc5 Rxc5 38. Qxc5 b6 39. Qg1 Kb7 40. Kd2 a6 41. Qg2+ Kc7 42. Ke3 Kd6 43. Kf4 Ke6 44. Kg4 Kf6 45. Kxh4 Kf5 46. Qxg3 Kf6 47. Qe3 Kf5 48. Kg3 Kf6 49. Qe4 Kg7 50. Qe6 Kf8 51. Qd7 b5 52. Kf4 b4 53. Kf5 b3 54. Kf6 bxc2 55. Qf7# 1-0